01004nab a22001937a 4500003000400000005001700004008004100021040000700062100002800069245011800097260007200215300001300287505023700300505008900537650001800626650001800644650002700662773012100689OSt20260121180604.0190502c xxu||||| |||| 00| 0 spa d cPJ aChiaradia, Juan Manuel 10aUn marco de interpretación restrictivo : bcrítica al caso “Cochran” de la CIDH /cJuan Manuel Chiaradia. aCiudad Autónoma de Buenos Aires :bThomson Reuters La Ley,c2024. ap. 64-74 aSumario: I. Introducción.— II. Algunas nociones básicas sobre la garantía de la imparcialidad.— III. Las particularidades del caso “Cochran”.— IV. Críticas al estándar del caso “Cochran”.— V. Conclusiones  t¿Te interesa el texto completo? Solicitalo al correo: koha@justierradelfuego.gov.ar 0aDERECHO PENAL 0aPROCESO PENAL 0aDEBER DE IMPARCIALIDAD0 02729dBuenos Aires : LexisNexis, 2006-tRevista de derecho penal y procesal penal. Nº 2 - Febrero 2024z9875920622